Holiday Quiz

Random Holiday or Christmas Quiz

Start the Christmas Song Quiz Stats

 Plays Quiz Updated Feb 11, 2016

Challenge
Share
Tweet
Embed
Score 0/32 Timer 05:00
5 Plays Today
# Start of title % Correct
3Santa Claus Is...
94.4%
2We Wish...
86.9%
3I Saw Mommy...
86.9%
5All I Want for Christmas...
84.5%
4It's Beginning to Look...
83.9%
3O Come All...
79.2%
2I'll Be...
78.1%
4It's the Most Wonderful...
77.8%
3Do You Hear...
75.4%
3Away in a...
73.9%
2Baby, It's...
72%
3We Three Kings...
70.2%
4Here Comes Santa Claus...
68.5%
3O Little Town....
68.3%
4Grandma Got Run Over...
66.4%
2Up on...
63%
# Start of title % Correct
2The Little...
62.8%
4You're a Mean One...
62.7%
3It Came Upon...
60.5%
3Hark! The Herald...
58.7%
2Good King...
57.9%
3Angels We Have...
57%
3God Rest Ye...
56.6%
3Go Tell It...
56.5%
4Have Yourself a Merry...
56.3%
2The Holly...
48.5%
3The Christmas Song...
44.4%
4O Come, O Come...
40.3%
3Do They Know...
29.8%
4(There's No Place Like)...
27.2%
3While Shepherds Watched...
23.6%
3Angels from the...
15.1%

You're not logged in!

Compare scores with friends on all Sporcle quizzes.
Join for Free
OR
Log In

You Might Also Like...

Show Comments

Extras

Top Quizzes Today


Score Distribution

Your Account Isn't Verified!

In order to create a playlist on Sporcle, you need to verify the email address you used during registration. Go to your Sporcle Settings to finish the process.

Report this User

Report this user for behavior that violates our Community Guidelines.

Details: